Sports Quiz

Random Sports or Quick Pick Quiz

Quick Pick: NFL Receiving Leaders Quiz Stats

Quiz not verified by Sporcle

Challenge
Share
Tweet
Embed
Score 0/15 Timer 01:00
0 Plays Today
% Correct
Jerry Rice
94.9%
Cris Carter
88.1%
Randy Moss
85.6%
Terrell Owens
84.7%
Marvin Harrison
84.7%
Isaac Bruce
80.5%
Reggie Wayne
76.3%
Larry Fitzgerald
75.4%
% Correct
Tony Gonzalez
74.6%
Andre Johnson
73.7%
Torry Holt
72.9%
Tim Brown
71.2%
Steve Smith
61.9%
James Lofton
47.5%
Henry Ellard
30.5%

You're not logged in!

Compare scores with friends on all Sporcle quizzes.
Join for Free
OR
Log In

You Might Also Like...

Show Comments

Extras

Top Quizzes Today


Score Distribution

Your Account Isn't Verified!

In order to create a playlist on Sporcle, you need to verify the email address you used during registration. Go to your Sporcle Settings to finish the process.

Report this User

Report this user for behavior that violates our Community Guidelines.

Details: